Principios de ciencias de la hacienda
Uloženo v:
| Hlavní autor: | |
|---|---|
| Médium: | Kniha |
| Jazyk: | španělština |
| Vydáno: |
Madrid
Derecho Financiero
1960
|
| Edice: | Tratados de Derecho Financiero y de Hacienda Pública, 2
|
| Témata: | |
| Tagy: |
Přidat tag
Žádné tagy, Buďte první, kdo vytvoří štítek k tomuto záznamu!
|
MARC
| LEADER | 00000nam a2200000 a 4500 | ||
|---|---|---|---|
| 001 | UCS0439 | ||
| 003 | CL-VaPUC | ||
| 008 | 970426e19600000SP |||||||||||||||||spa|d | ||
| 082 | 0 | 4 | |a 343.034 |b COS |2 21 |
| 100 | 0 | |a Cosciani, Cesare |e author |9 383940 | |
| 245 | 1 | 0 | |a Principios de ciencias de la hacienda |
| 300 | |a 654 p | ||
| 942 | |c BK | ||
| 945 | |d 19970426 00:00:00 |a cmena | ||
| 260 | |a Madrid |b Derecho Financiero |c 1960 | ||
| 650 | 0 | |a Hacienda pública |9 258673 | |
| 650 | 0 | |a Finanzas públicas |9 358992 | |
| 650 | 7 | |a PRESUPUESTO FISCAL |2 CL-VaPUC |9 383793 | |
| 650 | 7 | |a DERECHO FINANCIERO |2 CL-VaPUC |9 352905 | |
| 650 | 0 | |a Administración pública |9 255343 | |
| 650 | 7 | |a RENTA NACIONAL |2 CL-VaPUC |9 359260 | |
| 650 | 0 | |a Distribución del ingreso |9 334288 | |
| 650 | 0 | |a Impuesto a la renta |9 258171 | |
| 650 | 7 | |a GASTOS PUBLICOS |2 CL-VaPUC |9 314611 | |
| 583 | |a last modification |c 19970426 00:00:00 |k Rodrigo Vera | ||
| 490 | 0 | |a Tratados de Derecho Financiero y de Hacienda Pública, 2 | |
| 999 | |c 258667 |d 258665 | ||
| 952 | |0 0 |1 0 |4 0 |6 343_034000000000000_COS_1960 |7 0 |8 A |9 282929 |a BIBDER |b BIBDER |d 2019-11-19 |i 1837451 |o 343.034 COS 1960 |p 1837451 |r 2023-01-25 |w 2019-11-19 |y BK |k DER | ||